Signal theory methods in multispectral remote sensing

Guardat en:
Dades bibliogràfiques
Autor principal: Landgrebe, David A (Autor)
Format: Llibre
Idioma:anglès
Publicat: Hoboken John Wiley and Sons 2003
Edició:1a. ed
Col·lecció:Wiley Series in Remote Sensing
Matèries:
Etiquetes: Afegir etiqueta
Sense etiquetes, Sigues el primer a etiquetar aquest registre!

MARC

LEADER 00000nam a2200000 a 4500
001 UCK7353
003 CL-VaPUC
008 051118e20030000us |||||||||||||||||eng|d
020 |a 047142028X 
082 0 4 |a 621.3678  |b LAN  |2 21 
100 0 |a Landgrebe, David A  |e author  |9 496883 
245 1 0 |a Signal theory methods in multispectral remote sensing 
250 |a 1a. ed 
300 |a 508 p 
942 |c BK 
945 |d 20051118 00:00:00  |a cmena 
260 |a Hoboken  |b John Wiley and Sons  |c 2003 
500 |a Incluye Cd-Rom 
650 7 |a SENSORES REMOTOS  |2 CL-VaPUC  |9 463693 
650 0 |a Proceso de datos   |9 259776 
650 0 |a Señales  |9 268475 
650 0 |a Sistemas de comunicación   |9 260934 
650 0 |a Procesamiento de señales   |9 260702 
583 |a last modification  |c 20171116 02:19:58  |k Rodrigo Vera 
490 0 |a Wiley Series in Remote Sensing 
999 |c 315338  |d 315336 
952 |0 0  |1 0  |4 0  |6 621_367800000000000_LAN_2003  |7 0  |8 A  |9 388442  |a BIBAGR  |b BIBAGR  |d 2019-11-22  |i 4178963  |o 621.3678 LAN 2003  |p 4178963  |r 2025-01-20  |w 2019-11-22  |y BK  |k AGR